000 00597nam a2200193 a 4500
005 20210223121928.0
008 991125s1967 mx 000 0 spa u
035 _aUPN01000026321
049 _aCG
050 4 _aNE1030
_bW4.38 1967
100 1 _aWestheim, Paul,
_d1886-1963
_932408
245 1 3 _aEl grabado en madera /
_cpor Paul Westheim ; tr. Mariana Frenk.
260 _aMéxico :
_bFCE,
_c1967.
300 _a298 p. :
_bil.
440 0 _aBreviarios del Fondo de Cultura Económica ;
_v95
650 4 _aGRABADO EN MADERA -
_xHISTORIA
650 4 _aGRABADO EN MADERA -
_zMEXICO
905 _aLibro
999 _c26321
_d26321